| 000 | 00791nam a22002297a 4500 | ||
|---|---|---|---|
| 999 |
_c18850 _d18850 |
||
| 003 | AR-CdUCM | ||
| 008 | 190515b ||||| |||| 00| 0 spa d | ||
| 020 | _a968-18-1942-X | ||
| 040 |
_aMUNICIPALIDAD PROVINCIAL DEL CUSCO _cBIBLIOTECA MUNICIPAL DEL CUSCO |
||
| 082 |
_a370 / _bJ82 |
||
| 100 |
_aJuch, Bert _939717 |
||
| 245 |
_aDesarrollo personal para ejecutivos : _bteoría y practica / |
||
| 260 |
_aMéxico : _bLimusa, _c1987. |
||
| 300 |
_a291 páginas ; _bIlustraciones, _c24 cm. |
||
| 505 | _aContenido: El preludio -- El tema -- Interludio -- Andante -- Coda. | ||
| 650 |
_aDesarrollo personal _912163 |
||
| 650 |
_aTeoría _95077 |
||
| 650 |
_aPráctica _939718 |
||
| 700 |
_aRegules, Elizabeth Luisa De (traductora) _939719 |
||
| 942 |
_2ddc _cLIBROS |
||
| 945 |
_aacv _d2019-05-15 |
||